000
00327nam a2200121Ia 4500
008
220204s9999 xx 000 0 und d
082
_a
658.114
_b
MCC
100
_a
Healy, Robert E
245
0
_a
Valuing a company: Practices and procedures
260
_a
New York
_b
John Wiley
_c
1971
700
_a
McCarthy, George D
942
_c
BK
999
_c
28497
_d
28497